[Event "DEM U12/U12w 2003"]
[Site "Willingen GER"]
[Date "2003.06.09"]
[Round "3"]
[White "Trapp, Maximilian"]
[Black "Hannes, Diana"]
[Result "1/2-1/2"]
[Termination "normal"]
[Board "30"]
[WhiteElo "1506"]
[BlackElo "1145"]
[PlyCount "116"]
[BlackFideId "24611344"]
[EventCountry "GER"]
[EventRounds "11"]
[EventType "swiss"]
[EventDate "2003.06.07"]

1. f4 c5 2. Nf3 Nc6 3. e3 g6 4. d4 cxd4 5. exd4 Bg7 6. c3 d5 7. Bd3 Nf6 8. O-O
Bg4 9. Nbd2 O-O 10. Qe1 Qd7 11. Ne5 Qe6 12. Qe3 Nxe5 13. fxe5 Nd7 14. h3 Bf5
15. Bxf5 gxf5 16. Nf3 f6 17. exf6 Qxe3+ 18. Bxe3 Rxf6 19. Rae1 e6 20. h4 Bh6
21. Bxh6 Rxh6 22. Ng5 Re8 23. Rxf5 Rxh4 24. Rf7 Rh5 25. Rxd7 Rxg5 26. Rxb7 Rg7
27. Rxg7+ Kxg7 28. Kf2 Kf6 29. Re3 Re7 30. Ke2 Kf7 31. Kd3 Rc7 32. Rf3+ Ke7 33.
b3 Kd6 34. c4 dxc4+ 35. bxc4 Rg7 36. g3 Re7 37. Ke4 Rg7 38. Kf4 Rf7+ 39. Kg4
Rg7+ 40. Kh4 Ke7 41. Rb3 Kd6 42. Rb5 Kc6 43. Rg5 Rd7 44. Rg4 Kb6 45. Kh5 Ka5
46. Kh6 Kb4 47. d5 exd5 48. cxd5+ Kc5 49. Rg5 a5 50. g4 a4 51. Rg7 Rxd5 52.
Kxh7 Kb4 53. g5 Ka3 54. g6 Kxa2 55. Rb7 a3 56. Rb6 Rg5 57. g7 Rxg7+ 58. Kxg7
Ka1 1/2-1/2

[Event "DEM U12/U12w 2003"]
[Site "Willingen GER"]
[Date "2003.06.09"]
[Round "3"]
[White "Hirneise, Jens"]
[Black "Thewes, Johannes"]
[Result "1-0"]
[Termination "normal"]
[Board "32"]
[WhiteElo "1495"]
[BlackElo "903"]
[PlyCount "61"]
[WhiteFideId "24614734"]
[BlackFideId "4624823"]
[EventCountry "GER"]
[EventRounds "11"]
[EventType "swiss"]
[EventDate "2003.06.07"]

1. d4 d5 2. Nf3 Nc6 3. c4 Nf6 4. e3 Bg4 5. h3 Bh5 6. Nc3 h6 7. Be2 e6 8. O-O
Bb4 9. Ne5 Bxe2 10. Qxe2 Nxe5 11. dxe5 Ne4 12. Nxe4 dxe4 13. Qg4 O-O 14. Qxe4
Rb8 15. a3 Be7 16. b4 c6 17. Bb2 Qb6 18. Bd4 c5 19. bxc5 Bxc5 20. Rab1 Qc7 21.
Bxc5 Qxc5 22. Qd4 b6 23. Qxc5 bxc5 24. Rb5 Rfc8 25. Rfb1 Ra8 26. Rb7 Kf8 27.
Rd7 Ke8 28. Rbb7 Rd8 29. Re7+ Kf8 30. Rxf7+ Ke8 31. Rbe7# 1-0

[Event "DEM U12/U12w 2003"]
[Site "Willingen GER"]
[Date "2003.06.09"]
[Round "3"]
[White "Seifert, Christopher"]
[Black "Strunski, Andreas"]
[Result "0-1"]
[Termination "normal"]
[Board "33"]
[WhiteElo "1369"]
[BlackElo "1619"]
[PlyCount "52"]
[WhiteFideId "24615293"]
[BlackFideId "24606073"]
[EventCountry "GER"]
[EventRounds "11"]
[EventType "swiss"]
[EventDate "2003.06.07"]

1. e4 e6 2. d4 d5 3. exd5 exd5 4. Bd3 Bd6 5. Nf3 Ne7 6. Bg5 f6 7. Bh4 Nbc6 8.
Bg3 Bg4 9. c3 Bxg3 10. hxg3 Qd6 11. Nbd2 O-O-O 12. Qc2 Qe6+ 13. Kf1 h5 14. Nb3
Bxf3 15. gxf3 Qf7 16. Nc5 h4 17. Ba6 bxa6 18. Qb3 Na5 19. Qa4 Nec6 20. b4 hxg3
21. Kg2 Rh2+ 22. Rxh2 gxh2 23. bxa5 Qg6+ 24. Kh1 Qh5 25. Kg2 Rh8 26. Rh1 Qh3#
0-1

[Event "DEM U12/U12w 2003"]
[Site "Willingen GER"]
[Date "2003.06.09"]
[Round "3"]
[White "Göbel, Florian"]
[Black "Schroer, Claus"]
[Result "1/2-1/2"]
[Termination "normal"]
[Board "34"]
[WhiteElo "1180"]
[BlackElo "1475"]
[PlyCount "61"]
[EventCountry "GER"]
[EventRounds "11"]
[EventType "swiss"]
[EventDate "2003.06.07"]

1. e4 e5 2. Bc4 Nf6 3. Nc3 Bc5 4. Nf3 d6 5. O-O Bd7 6. d3 Nc6 7. Bg5 h6 8. Bh4
g5 9. Bg3 Qe7 10. h3 O-O-O 11. Qd2 Rdg8 12. a4 g4 13. hxg4 Rxg4 14. Kh1 Nh5 15.
Bh2 Nf4 16. g3 Nh3 17. Nd5 Qd8 18. Ne3 Qf6 19. Ng1 Rg7 20. Qe2 Nxg1 21. Kxg1
Bh3 22. Rfe1 Nd4 23. Qh5 Nf3+ 24. Kh1 Ng5 25. f4 exf4 26. gxf4 Bxe3 27. Rxe3
Bg2+ 28. Kxg2 Qxb2 29. Ra2 Qc1 30. Qg4+ Kb8 31. Rf3 1/2-1/2

[Event "DEM U12/U12w 2003"]
[Site "Willingen GER"]
[Date "2003.06.09"]
[Round "3"]
[White "Mischke, Daniel"]
[Black "Zikeli, Julia"]
[Result "1/2-1/2"]
[Termination "normal"]
[Board "35"]
[WhiteElo "1238"]
[BlackElo "1420"]
[PlyCount "57"]
[BlackFideId "24622753"]
[EventCountry "GER"]
[EventRounds "11"]
[EventType "swiss"]
[EventDate "2003.06.07"]

1. e4 e6 2. d4 d5 3. exd5 exd5 4. Bf4 Nf6 5. Nf3 Bg4 6. Nbd2 Be7 7. Bd3 O-O 8.
O-O Nbd7 9. c3 c6 10. Qc2 Re8 11. Rfe1 Qb6 12. Ng5 Nf8 13. Re3 Ng6 14. Bg3 c5
15. dxc5 Bxc5 16. Ree1 Nh5 17. Nf1 Nxg3 18. Nxg3 h6 19. Nh3 Ne5 20. b4 Nxd3 21.
Rxe8+ Rxe8 22. Qxd3 Bd6 23. Qxd5 Be6 24. Qd3 Rd8 25. Qc2 Rc8 26. Qb2 Be5 27.
Rc1 a5 28. a3 Rc4 29. Kh1 1/2-1/2

[Event "DEM U12/U12w 2003"]
[Site "Willingen GER"]
[Date "2003.06.09"]
[Round "3"]
[White "Mijatovic, Andrea"]
[Black "Völsgen, Georg"]
[Result "0-1"]
[Termination "normal"]
[Board "36"]
[WhiteElo "1408"]
[BlackElo "1159"]
[PlyCount "98"]
[WhiteFideId "14514524"]
[BlackFideId "24635901"]
[EventCountry "GER"]
[EventRounds "11"]
[EventType "swiss"]
[EventDate "2003.06.07"]

1. e4 e5 2. Nf3 Nc6 3. d4 exd4 4. Bc4 h6 5. O-O Bc5 6. c3 dxc3 7. Nxc3 d6 8.
Qb3 Qe7 9. Nd5 Qd8 10. Re1 Nf6 11. Bd2 O-O 12. Bc3 Nxd5 13. Bxd5 Ne7 14. Bc4 c6
15. Rad1 b5 16. Bd3 a5 17. Qc2 Qb6 18. h3 b4 19. Bxg7 Kxg7 20. Kf1 Be6 21. b3
Ng6 22. Qb2+ f6 23. Bb1 Ne5 24. Nd4 Bxd4 25. Rxd4 c5 26. Rdd1 Qa6+ 27. Kg1 Bg8
28. f4 Ng6 29. g3 Rad8 30. Kf2 Qb6 31. Kf3 Qc6 32. Kf2 Qd7 33. Qd2 Qxh3 34. Rh1
Qg4 35. f5 Ne5 36. Qxh6+ Kf7 37. Qe3 Qg7 38. Qd2 Qg4 39. Qe2 Qxe2+ 40. Kxe2 Ke8
41. Rd2 Bf7 42. Ke3 Rg8 43. Rg1 c4 44. Bc2 Ke7 45. Rd4 Rc8 46. Bd1 cxb3 47.
axb3 Rc3+ 48. Ke2 Rgxg3 49. Rxg3 Rxg3 0-1

[Event "DEM U12/U12w 2003"]
[Site "Willingen GER"]
[Date "2003.06.09"]
[Round "3"]
[White "Perlick, Maria"]
[Black "Billing, Tanja"]
[Result "0-1"]
[Termination "normal"]
[Board "37"]
[WhiteElo "1397"]
[BlackElo "1226"]
[PlyCount "104"]
[BlackFideId "24647993"]
[EventCountry "GER"]
[EventRounds "11"]
[EventType "swiss"]
[EventDate "2003.06.07"]

1. d4 d5 2. e3 Nc6 3. c4 e6 4. Nc3 Nf6 5. Nf3 Bb4 6. a3 Bxc3+ 7. bxc3 O-O 8.
Be2 dxc4 9. Bxc4 Nd5 10. Qc2 Nf6 11. O-O b6 12. a4 Bb7 13. Ba3 Re8 14. Bd3 h6
15. Rab1 a6 16. c4 e5 17. dxe5 Nxe5 18. Nxe5 Rxe5 19. Rfd1 Qc8 20. Qe2 Rg5 21.
f3 h5 22. Kf1 h4 23. Bb4 Bc6 24. Bc2 Nh5 25. Qf2 h3 26. g4 Nf6 27. Bf5 Qb7 28.
Ke2 g6 29. Bc2 Re5 30. Bc3 Re6 31. Rf1 Rae8 32. Bd4 Qa8 33. Kd2 Bb7 34. Bd1 c5
35. Bxf6 Rxf6 36. Ke2 Rxf3 37. Qg1 Rfxe3+ 38. Qxe3 Rxe3+ 39. Kxe3 Qc8 40. Kd2
Qd7+ 41. Kc3 Qd4+ 42. Kb3 Qd3+ 43. Ka2 Qxf1 44. Bc2 Qxc4+ 45. Bb3 Qxg4 46. Rb2
c4 47. Bc2 c3 48. Rxb6 Bd5+ 49. Ka1 Qg1+ 50. Rb1 Qxh2 51. Rc1 Qd2 52. Kb1 Ba2+
0-1

[Event "DEM U12/U12w 2003"]
[Site "Willingen GER"]
[Date "2003.06.09"]
[Round "3"]
[White "Collmann, Martin"]
[Black "Prosch, Julia"]
[Result "1-0"]
[Termination "normal"]
[Board "38"]
[WhiteElo "1438"]
[BlackElo "1003"]
[PlyCount "39"]
[EventCountry "GER"]
[EventRounds "11"]
[EventType "swiss"]
[EventDate "2003.06.07"]

1. e4 e5 2. Nf3 Nc6 3. Bc4 Bc5 4. c3 Nf6 5. b4 Bb6 6. d3 d6 7. O-O Qe7 8. a4 a5
9. Qb3 Be6 10. Bxe6 Qxe6 11. Qxe6+ fxe6 12. b5 Na7 13. Ng5 Ke7 14. Ba3 Rhf8 15.
h3 h6 16. Nf3 Rae8 17. Nxe5 Kd8 18. Ng6 Rf7 19. e5 dxe5 20. Nxe5 1-0

[Event "DEM U12/U12w 2003"]
[Site "Willingen GER"]
[Date "2003.06.09"]
[Round "3"]
[White "Yao, Kelvin"]
[Black "Wisheckel, Lena"]
[Result "1-0"]
[Termination "normal"]
[Board "39"]
[WhiteElo "1426"]
[BlackElo "1242"]
[PlyCount "137"]
[BlackFideId "24691992"]
[EventCountry "GER"]
[EventRounds "11"]
[EventType "swiss"]
[EventDate "2003.06.07"]

1. d4 Nf6 2. c4 e6 3. Nf3 h6 4. g3 Nc6 5. Bg2 Bb4+ 6. Bd2 Bxd2+ 7. Qxd2 Qe7 8.
O-O O-O 9. Nc3 d5 10. cxd5 exd5 11. e3 Ne4 12. Qc2 Bf5 13. Nxd5 Qd6 14. Nc3
Nxg3 15. e4 Nxf1 16. exf5 Nxh2 17. Nxh2 Nxd4 18. Qe4 Rab8 19. Rd1 Rfe8 20. Qxd4
Re1+ 21. Bf1 Rxd1 22. Qxd1 Qf6 23. Nd5 Qg5+ 24. Kh1 Rd8 25. Qf3 g6 26. fxg6
Qxd5 27. Qxd5 Rxd5 28. gxf7+ Kxf7 29. Bc4 c6 30. Ng4 Kg6 31. Bxd5 cxd5 32. Kg2
h5 33. Ne3 d4 34. Nc4 Kg5 35. Kg3 d3 36. Nd2 h4+ 37. Kh3 a5 38. a4 Kf4 39. Kxh4
b6 40. b3 Ke5 41. Kg4 Kd4 42. f4 Ke3 43. Nb1 d2 44. Nxd2 Kxd2 45. f5 Kc3 46. f6
Kxb3 47. f7 Kxa4 48. f8=Q b5 49. Kf3 b4 50. Qf4 Ka3 51. Ke2 b3 52. Kd2 a4 53.
Kc1 b2+ 54. Kb1 Kb3 55. Qe3+ Kb4 56. Kxb2 Kc4 57. Qa3 Kd4 58. Qxa4+ Kd5 59. Qf4
Kc5 60. Qe4 Kb5 61. Qd4 Ka5 62. Qc4 Kb6 63. Kb3 Ka5 64. Qb4+ Ka6 65. Kc4 Ka7
66. Qb5 Ka8 67. Kc5 Ka7 68. Kc6 Ka8 69. Qb7# 1-0

[Event "DEM U12/U12w 2003"]
[Site "Willingen GER"]
[Date "2003.06.09"]
[Round "3"]
[White "Schulz, Marcel"]
[Black "Schultheiß, Vera"]
[Result "1-0"]
[Termination "normal"]
[Board "40"]
[WhiteElo "1406"]
[BlackElo "1046"]
[PlyCount "111"]
[WhiteFideId "1270585"]
[EventCountry "GER"]
[EventRounds "11"]
[EventType "swiss"]
[EventDate "2003.06.07"]

1. Nf3 Nc6 2. d4 d5 3. c4 e6 4. Nc3 Bb4 5. Bd2 Nf6 6. e3 a6 7. Qc2 Bxc3 8. Bxc3
g6 9. Bd3 dxc4 10. Bxc4 b5 11. Bd3 Bb7 12. a4 b4 13. Bd2 a5 14. Bb5 Qd6 15. Ne5
Qd5 16. Bxc6+ Bxc6 17. Qxc6+ Qxc6 18. Nxc6 O-O 19. O-O Ne4 20. Rfd1 Ra6 21. Ne5
Rd8 22. f3 Nxd2 23. Rxd2 c5 24. Rad1 Rad6 25. Nc4 Ra6 26. dxc5 Rxd2 27. Rxd2
Rc6 28. b3 Rxc5 29. Kf2 Rh5 30. Rd1 Kg7 31. h3 Rg5 32. g4 h5 33. Ke2 hxg4 34.
hxg4 f5 35. gxf5 gxf5 36. Rd7+ Kf6 37. Ra7 e5 38. Rxa5 Rg7 39. Rb5 Rc7 40. Rxb4
Rh7 41. Rb6+ Kg5 42. a5 Rh2+ 43. Kd3 Rh1 44. a6 Rd1+ 45. Nd2 Ra1 46. Kc4 Rc1+
47. Kb4 Rd1 48. a7 Ra1 49. Rb7 f4 50. e4 Kh4 51. Rg7 Kh5 52. Nc4 Ra6 53. Kb5
Ra1 54. Na5 Rf1 55. a8=Q Kh6 56. Qh8# 1-0

[Event "DEM U12/U12w 2003"]
[Site "Willingen GER"]
[Date "2003.06.09"]
[Round "3"]
[White "Demmler, Julia"]
[Black "Hort, Maria"]
[Result "0-1"]
[Termination "normal"]
[Board "41"]
[WhiteElo "1385"]
[BlackElo "966"]
[PlyCount "110"]
[EventCountry "GER"]
[EventRounds "11"]
[EventType "swiss"]
[EventDate "2003.06.07"]

1. e4 c6 2. d4 d5 3. e5 Bf5 4. Bd3 Bxd3 5. Qxd3 e6 6. Nf3 Nd7 7. O-O Qc7 8. c3
c5 9. Be3 c4 10. Qe2 Ne7 11. Bc1 Nf5 12. Nbd2 Be7 13. Rb1 O-O 14. b3 b5 15. Bb2
Rab8 16. Ra1 Qd8 17. g3 Bg5 18. Ba3 Re8 19. Nxg5 Qxg5 20. Nf3 Qg4 21. Rfe1 Nf8
22. Kg2 Ng6 23. Bc1 Ngh4+ 24. Nxh4 Nxh4+ 25. Kh1 Nf3 26. Qf1 Qh5 27. h4 Nxe1
28. Qxe1 Qf3+ 29. Kg1 Rf8 30. Ba3 Rfe8 31. Bc1 a5 32. Ba3 Rb7 33. b4 axb4 34.
Bxb4 f6 35. exf6 Qxf6 36. Bd6 Rf7 37. Bf4 Qf5 38. Rb1 Qc2 39. a3 Ra8 40. Ra1
Qb2 41. Rb1 Qxa3 42. Rxb5 Qa1 43. Rb8+ Rf8 44. Rb1 Qa2 45. Qxe6+ Kh8 46. Re1
Qa4 47. Qxd5 Rad8 48. Qg5 Qc2 49. Bd2 h6 50. Qe3 Qg6 51. Qe2 Rde8 52. Qxc4
Rxe1+ 53. Bxe1 Re8 54. Kf1 Qe4 55. Bd2 Qh1# 0-1

[Event "DEM U12/U12w 2003"]
[Site "Willingen GER"]
[Date "2003.06.09"]
[Round "3"]
[White "Eckoldt, Katja"]
[Black "Gahn, Juliane"]
[Result "1/2-1/2"]
[Termination "normal"]
[Board "42"]
[WhiteElo "979"]
[BlackElo "1379"]
[PlyCount "45"]
[EventCountry "GER"]
[EventRounds "11"]
[EventType "swiss"]
[EventDate "2003.06.07"]

1. e4 e5 2. Nf3 Nc6 3. Bc4 Bc5 4. c3 Nf6 5. d3 h6 6. O-O d6 7. a4 a5 8. Be3 Ba7
9. Bxa7 Nxa7 10. Nbd2 c6 11. Qb3 O-O 12. Rfe1 Qe7 13. Re2 Be6 14. Bxe6 fxe6 15.
Nh4 Qf7 16. Nhf3 Nh5 17. Nc4 Qg6 18. Re3 Nf4 19. g3 Nh3+ 20. Kg2 Qg4 21. Nxd6
Rab8 22. Nc4 Nf4+ 23. Kh1 1/2-1/2

[Event "DEM U12/U12w 2003"]
[Site "Willingen GER"]
[Date "2003.06.09"]
[Round "3"]
[White "Müller, Anna-Louise"]
[Black "Saak, Sandra"]
[Result "1/2-1/2"]
[Termination "normal"]
[Board "43"]
[WhiteElo "821"]
[BlackElo "1361"]
[PlyCount "62"]
[WhiteFideId "4633512"]
[EventCountry "GER"]
[EventRounds "11"]
[EventType "swiss"]
[EventDate "2003.06.07"]

1. e4 e6 2. Nf3 d5 3. e5 c5 4. d4 Nc6 5. Bb5 Bd7 6. Bxc6 Bxc6 7. Be3 Qb6 8. Qd2
Qxb2 9. Qc3 Qxc3+ 10. Nxc3 c4 11. O-O Bb4 12. Bd2 Ba3 13. Rab1 Ne7 14. Nb5 Bxb5
15. Rxb5 Ng6 16. Ra5 Be7 17. Rb1 b6 18. Rab5 O-O 19. a4 Rfc8 20. c3 Bd8 21. Ng5
h6 22. Nh3 Ne7 23. Rf1 Rcb8 24. g4 a6 25. Rb2 Bc7 26. Rfb1 Nc6 27. g5 h5 28.
Nf4 g6 29. Be3 Na5 30. Ne2 Nb3 31. Nc1 Nxc1 1/2-1/2

[Event "DEM U12/U12w 2003"]
[Site "Willingen GER"]
[Date "2003.06.09"]
[Round "4"]
[White "Huschenbeth, Niclas"]
[Black "Kazhibadze, Georg"]
[Result "0-1"]
[Termination "normal"]
[Board "1"]
[WhiteElo "1808"]
[BlackElo "1681"]
[PlyCount "86"]
[WhiteFideId "24604747"]
[EventCountry "GER"]
[EventRounds "11"]
[EventType "swiss"]
[EventDate "2003.06.07"]

1. e4 c5 2. d4 cxd4 3. c3 dxc3 4. Nxc3 Nc6 5. Nf3 e6 6. Bc4 Qc7 7. Qe2 Nf6 8.
e5 Ng4 9. Bf4 a6 10. h3 Nh6 11. Bxh6 gxh6 12. O-O b5 13. Bb3 Bb7 14. Rac1 Qb6
15. Rfd1 Be7 16. Qd3 Rd8 17. Ne4 Nb4 18. Qe2 Rg8 19. Nd6+ Bxd6 20. exd6 Nc6 21.
g4 h5 22. g5 h6 23. h4 hxg5 24. Nxg5 Nd4 25. Qxh5 Nf3+ 26. Kf1 Nxg5 27. hxg5 b4
28. Ba4 Qa5 29. f4 Qxa4 30. Qh7 Rf8 31. Rd2 Qb5+ 32. Re2 Bf3 33. Rce1 Rc8 34.
g6 Bxe2+ 35. Rxe2 Rc1+ 36. Kf2 Qc5+ 37. Kg3 Rg1+ 38. Kf3 Rxg6 39. Qh2 Qd5+ 40.
Ke3 Qxd6 41. Rc2 Qb6+ 42. Ke2 Qb7 43. Ke3 Rfg8 0-1

[Event "DEM U12/U12w 2003"]
[Site "Willingen GER"]
[Date "2003.06.09"]
[Round "4"]
[White "Geilfuss, Albert"]
[Black "Bigalke, Tobias"]
[Result "0-1"]
[Termination "normal"]
[Board "2"]
[WhiteElo "1640"]
[BlackElo "1767"]
[PlyCount "140"]
[BlackFideId "4698282"]
[EventCountry "GER"]
[EventRounds "11"]
[EventType "swiss"]
[EventDate "2003.06.07"]

1. e4 e6 2. d4 d5 3. Nc3 Bb4 4. e5 c5 5. a3 Bxc3+ 6. bxc3 Nc6 7. Qg4 g6 8. Nf3
Qb6 9. Be2 Nge7 10. Qf4 Bd7 11. O-O O-O-O 12. Be3 c4 13. Rfb1 Qc7 14. Ng5 Be8
15. Qf6 Rg8 16. Nxh7 Nf5 17. Bf4 Rg7 18. Ng5 Rg8 19. g4 Ng7 20. Nf3 Qe7 21. Bg5
Qf8 22. Bc1 Nb8 23. Bg5 Nc6 24. Kh1 Bd7 25. Qf4 Re8 26. Bf6 Rh8 27. Rg1 Ne7 28.
Ng5 Kc7 29. Rg3 Qg8 30. Rf3 b6 31. Bxe7 Rxe7 32. Nxf7 Rh7 33. Ng5 Rh4 34. Qf8
Qxf8 35. Rxf8 Be8 36. Rg1 Kc6 37. Kg2 Kb5 38. Kg3 Rh6 39. Rf6 Rh8 40. Nh3 Bf7
41. Nf4 Ne8 42. Nxg6 Nxf6 43. Nxh8 Ne4+ 44. Kf3 Be8 45. g5 Rh7 46. g6 Rxh8 47.
g7 Rg8 48. Ke3 Kc6 49. h4 Kd7 50. h5 Bxh5 51. Bxh5 Ke7 52. f3 Nxc3 53. Rg6 Nb5
54. Kf4 Nxd4 55. Kg5 Nf5 56. Kf4 Rxg7 57. Rxg7+ Nxg7 58. Bg6 a5 59. a4 Kd7 60.
Kg5 Ne8 61. c3 Nc7 62. Bc2 Kc6 63. f4 b5 64. axb5+ Kxb5 65. f5 exf5 66. Kxf5 a4
67. e6 a3 68. Bb1 Kc5 69. Ke5 Nxe6 70. Kxe6 d4 0-1

[Event "DEM U12/U12w 2003"]
[Site "Willingen GER"]
[Date "2003.06.09"]
[Round "4"]
[White "Jussupow, Ekaterina"]
[Black "Sörös, Martin-Wolfgang"]
[Result "1-0"]
[Termination "normal"]
[Board "3"]
[WhiteElo "1709"]
[BlackElo "1619"]
[PlyCount "33"]
[WhiteFideId "24625400"]
[EventCountry "GER"]
[EventRounds "11"]
[EventType "swiss"]
[EventDate "2003.06.07"]

1. d4 Nf6 2. Nf3 c5 3. Nc3 d5 4. e3 Bf5 5. Ne2 Nc6 6. Ng3 Bg4 7. Be2 Bxf3 8.
Bxf3 e5 9. dxe5 Nxe5 10. Be2 a6 11. O-O Bd6 12. b3 Qd7 13. Bb2 O-O-O 14. c4
dxc4 15. bxc4 Nc6 16. Bxf6 gxf6 17. Bg4 1-0

[Event "DEM U12/U12w 2003"]
[Site "Willingen GER"]
[Date "2003.06.09"]
[Round "4"]
[White "Medlin, Paul"]
[Black "Seyb, Alexander"]
[Result "0-1"]
[Termination "normal"]
[Board "4"]
[WhiteElo "1611"]
[BlackElo "1807"]
[PlyCount "86"]
[BlackFideId "4699033"]
[EventCountry "GER"]
[EventRounds "11"]
[EventType "swiss"]
[EventDate "2003.06.07"]

1. e4 c5 2. Nf3 e6 3. d4 cxd4 4. Nxd4 Nf6 5. Bd3 Nc6 6. Be3 a6 7. O-O Qc7 8. a3
Be7 9. Nc3 O-O 10. h3 d6 11. Qd2 b5 12. f4 Bb7 13. f5 Nxd4 14. Bxd4 e5 15. Bf2
d5 16. exd5 Nxd5 17. Nxd5 Bxd5 18. Bg3 f6 19. c3 Rfd8 20. Qe2 Qb7 21. Rad1 Rac8
22. Rd2 Bc5+ 23. Kh2 e4 24. Bc2 Bc4 25. Rxd8+ Rxd8 26. Qe1 Bxf1 27. Qxf1 e3 28.
Be1 Qe7 29. Qe2 Kh8 30. Bd3 Qe5+ 31. Kh1 Bd6 32. g3 Qd5+ 33. Kh2 Bxa3 34. bxa3
Qxd3 35. Qxd3 Rxd3 36. Kg1 Rd2 37. Kf1 Ra2 38. g4 Rxa3 39. Ke2 a5 40. Kxe3 b4
41. Kd3 b3 42. Kd2 b2 43. Kc2 Rb3 0-1

[Event "DEM U12/U12w 2003"]
[Site "Willingen GER"]
[Date "2003.06.09"]
[Round "4"]
[White "Savchenko, Aleksij"]
[Black "Jorczik, Julian"]
[Result "1-0"]
[Termination "normal"]
[Board "5"]
[WhiteElo "1774"]
[BlackElo "1682"]
[PlyCount "127"]
[WhiteFideId "24611727"]
[BlackFideId "24611719"]
[EventCountry "GER"]
[EventRounds "11"]
[EventType "swiss"]
[EventDate "2003.06.07"]

1. d4 Nf6 2. c4 e6 3. Nc3 Bb4 4. f3 d6 5. e4 O-O 6. Bg5 Nbd7 7. Qc2 h6 8. Be3
b6 9. O-O-O Bxc3 10. Qxc3 Qe7 11. g4 c5 12. h4 Ne8 13. Bd3 cxd4 14. Bxd4 Ba6
15. Kb1 Rc8 16. Nh3 e5 17. Be3 Nc7 18. h5 d5 19. cxd5 Nxd5 20. Qd2 Nxe3 21.
Bxa6 Nxd1 22. Bxc8 Rxc8 23. Rxd1 Nc5 24. Nf2 Kf8 25. Qc3 Rc7 26. Qa3 Rd7 27.
Qc3 Rxd1+ 28. Nxd1 Qd6 29. Kc2 Ke7 30. Ne3 Kd7 31. Nc4 Na4 32. Nxd6 Nxc3 33.
Nxf7 Ne2 34. Nxe5+ Ke6 35. Nc6 Kd6 36. Nxa7 Nd4+ 37. Kd3 Nxf3 38. Ke3 Ne5 39.
Kf4 Ke6 40. Nc8 b5 41. Na7 b4 42. b3 Nd3+ 43. Ke3 Nc1 44. Kd4 Nxa2 45. Nc6 Kd6
46. Na5 Ke6 47. Nb7 Nc1 48. Nc5+ Kf6 49. e5+ Kg5 50. Kd5 Ne2 51. Kd6 Kxg4 52.
Ne6 Kxh5 53. Nxg7+ Kg6 54. e6 Nd4 55. e7 Kxg7 56. e8=Q Nxb3 57. Qe5+ Kg6 58.
Qe4+ Kg5 59. Qe3+ Kg4 60. Qxb3 h5 61. Qxb4+ Kg3 62. Ke5 h4 63. Qf4+ Kh3 64. Ke4
1-0

[Event "DEM U12/U12w 2003"]
[Site "Willingen GER"]
[Date "2003.06.09"]
[Round "4"]
[White "Zehnter, Sebastian"]
[Black "Scharnowski, Tobias"]
[Result "1-0"]
[Termination "normal"]
[Board "6"]
[WhiteElo "1750"]
[BlackElo "1658"]
[PlyCount "85"]
[WhiteFideId "24608670"]
[BlackFideId "24620424"]
[EventCountry "GER"]
[EventRounds "11"]
[EventType "swiss"]
[EventDate "2003.06.07"]

1. d4 d5 2. c4 e6 3. Nc3 Nf6 4. Bg5 Be7 5. e3 O-O 6. Nf3 b6 7. cxd5 Nxd5 8.
Bxe7 Qxe7 9. Nxd5 exd5 10. Bd3 Be6 11. O-O c5 12. Re1 Nd7 13. e4 dxe4 14. Bxe4
Rad8 15. d5 Nf6 16. Qb3 Nxe4 17. Rxe4 Qb7 18. dxe6 Qxe4 19. Re1 Qxe1+ 20. Nxe1
fxe6 21. Nf3 c4 22. Qc2 h6 23. h3 b5 24. Qe4 Rfe8 25. Qc6 Rb8 26. Qd7 b4 27.
Nd4 Rbd8 28. Qxa7 c3 29. bxc3 bxc3 30. Qa4 Rc8 31. Qb3 Kh8 32. a4 Red8 33. Nc2
Rd1+ 34. Kh2 Rd2 35. f3 Re2 36. a5 Rc5 37. a6 Rg5 38. Ne3 c2 39. a7 Rexg2+ 40.
Nxg2 c1=Q 41. a8=Q+ Kh7 42. Qe4+ Rg6 43. Qbc2 1-0

[Event "DEM U12/U12w 2003"]
[Site "Willingen GER"]
[Date "2003.06.09"]
[Round "4"]
[White "Gölz, Daniel"]
[Black "Wendling, Hannes"]
[Result "1-0"]
[Termination "normal"]
[Board "7"]
[WhiteElo "1682"]
[BlackElo "1652"]
[PlyCount "59"]
[WhiteFideId "24626325"]
[BlackFideId "24624284"]
[EventCountry "GER"]
[EventRounds "11"]
[EventType "swiss"]
[EventDate "2003.06.07"]

1. e4 c5 2. Nf3 d6 3. d4 cxd4 4. Nxd4 Nf6 5. Nc3 a6 6. f3 e5 7. Nde2 Be6 8. Be3
Be7 9. Ng3 d5 10. exd5 Nxd5 11. Nxd5 Qxd5 12. Bd3 Qa5+ 13. c3 O-O 14. O-O Rd8
15. Qc2 h6 16. f4 exf4 17. Bxf4 Qb6+ 18. Kh1 Nd7 19. Rae1 Bc5 20. b4 Bf8 21. a3
Nf6 22. c4 Rac8 23. c5 Qc6 24. Bxh6 Rxd3 25. Qxd3 Bd5 26. Qd2 gxh6 27. Rxf6
Bxg2+ 28. Qxg2 Qxf6 29. Qxb7 Rc6 30. Rf1 1-0

[Event "DEM U12/U12w 2003"]
[Site "Willingen GER"]
[Date "2003.06.09"]
[Round "4"]
[White "Müller, Reinhold"]
[Black "Doberitz, Paul"]
[Result "1-0"]
[Termination "normal"]
[Board "8"]
[WhiteElo "2003"]
[BlackElo "1526"]
[PlyCount "91"]
[WhiteFideId "24605875"]
[BlackFideId "24646130"]
[EventCountry "GER"]
[EventRounds "11"]
[EventType "swiss"]
[EventDate "2003.06.07"]

1. d4 Nf6 2. Nf3 d5 3. c4 g6 4. cxd5 Nxd5 5. e4 Nf6 6. Nc3 Bg7 7. Bc4 c6 8. h3
O-O 9. O-O e6 10. Bg5 Qc7 11. Qd2 Nbd7 12. Bh6 b5 13. Bxg7 Kxg7 14. Bd3 a6 15.
Ng5 h6 16. Nf3 Bb7 17. Nh2 c5 18. Rac1 c4 19. Bb1 Ne8 20. Ng4 Rh8 21. f4 f5 22.
Ne5 Nxe5 23. dxe5 Qb6+ 24. Kh2 Rd8 25. Qe2 h5 26. Rcd1 Nc7 27. Rxd8 Rxd8 28.
exf5 exf5 29. Nd1 Ne6 30. Ne3 Nc5 31. Bxf5 gxf5 32. Qxh5 Qg6 33. Nxf5+ Kf7 34.
Qxg6+ Kxg6 35. Nd6 Bc6 36. f5+ Kg7 37. g4 Ne4 38. f6+ Kf8 39. Nxe4 Bxe4 40. e6
Rd2+ 41. Kg3 Rxb2 42. f7 c3 43. e7+ Kxe7 44. f8=Q+ Kd7 45. Rf7+ Kc6 46. Qc8+
1-0

[Event "DEM U12/U12w 2003"]
[Site "Willingen GER"]
[Date "2003.06.09"]
[Round "4"]
[White "Weller, Manuel"]
[Black "Geske, Julian"]
[Result "0-1"]
[Termination "normal"]
[Board "9"]
[WhiteElo "1593"]
[BlackElo "1733"]
[PlyCount "62"]
[WhiteFideId "24635952"]
[BlackFideId "24605263"]
[EventCountry "GER"]
[EventRounds "11"]
[EventType "swiss"]
[EventDate "2003.06.07"]

1. d4 Nf6 2. Nf3 g6 3. c4 Bg7 4. Nc3 d6 5. e4 O-O 6. h3 e5 7. Be3 Nc6 8. d5 Ne7
9. b4 Nd7 10. c5 f5 11. cxd6 cxd6 12. Ng5 Nf6 13. Qd3 fxe4 14. Ngxe4 Bf5 15. f3
a5 16. b5 Nh5 17. g4 Bxe4 18. fxe4 Nf4 19. Bxf4 exf4 20. Be2 Rc8 21. Rc1 Qc7
22. Kd2 f3 23. Bd1 Bh6+ 24. Kc2 Bxc1 25. h4 Ba3 26. Kb3 a4+ 27. Nxa4 Bc5 28.
Bxf3 Ra8 29. Qe2 Qa5 30. Nc3 Bd4 31. Nd1 Qa4# 0-1

[Event "DEM U12/U12w 2003"]
[Site "Willingen GER"]
[Date "2003.06.09"]
[Round "4"]
[White "Kaczmarczyk, Dennis"]
[Black "Moshtael, Wesal"]
[Result "0-1"]
[Termination "normal"]
[Board "10"]
[WhiteElo "1715"]
[BlackElo "1578"]
[PlyCount "62"]
[WhiteFideId "24608297"]
[BlackFideId "24618551"]
[EventCountry "GER"]
[EventRounds "11"]
[EventType "swiss"]
[EventDate "2003.06.07"]

1. c4 Nf6 2. Nc3 e6 3. e4 d5 4. e5 d4 5. exf6 dxc3 6. bxc3 Qxf6 7. d4 c5 8. a3
Be7 9. Nf3 a6 10. g3 O-O 11. Bg2 Rd8 12. O-O Bd7 13. Ne5 Nc6 14. f4 Rac8 15.
Be4 Bd6 16. Rb1 b6 17. Bc2 cxd4 18. cxd4 Nxd4 19. Bb2 Nxc2 20. Qxd6 Ba4 21. Nd7
Rxd7 22. Qxd7 Bxd7 23. Bxf6 gxf6 24. f5 Kg7 25. Rbd1 Be8 26. Rd6 Ne3 27. Rc1
Nxf5 28. Rd3 e5 29. g4 Nd4 30. Kf2 Rc5 31. Ke3 b5 0-1